000 01208cam a22002771 4500
001 l 55000254
003 DLC
005 20260227111544.0
008 790731s1955 dcua 000 0 eng c
010 _al 55000254
035 _a(OCoLC)5226014
040 _aU. S. Dept. of Labor. Library
_cArU
_dOCoLC
_dDLC
042 _apremarc
050 0 0 _aHD1525
_b.A5 1955
086 0 _aA 77.2:Un 2/2
110 1 _aUnited States.
_bAgricultural Research Service.
_bProduction Economics Research Branch.
245 1 0 _aUnemployment and partial employment of hired farm workers in cotton areas;
_bcomparison of selected areas in Arkansas, Georgia, Louisiana, and New Mexico, and detailed analysis of Cordele, Georgia, area
_c[by William H. Metzler, labor economist.
260 _aWashington]
_bU.S. Dept. of Agriculture, Agricultural Research Service,
_c1955.
300 _aiv, 40 p.
_billus.
_c26 cm.
650 0 _aAgricultural laborers
_zSouthern States.
650 0 _aUnemployed
_zSouthern States.
650 0 _aAgricultural laborers
_zGeorgia
_zCordele.
650 0 _aUnemployed
_zGeorgia
_zCordele.
700 1 _aMetzler, William H.,
_d1897-
740 0 _aPartial employment of hired farm workers in cotton areas.
999 _c36895
_d36895